[Event "ENCI Limburg-open B"]
[Site "Maastricht"]
[Date "2008.05.11"]
[Round "4"]
[White "Orbons, Richard"]
[Black "Heijltjes, Thijs"]
[Result "1-0"]
[WhiteElo "1662"]
[BlackElo "1446"]
[PlyCount "83"]
[EventDate "2008.05.09"]
[EventType "swiss"]
[EventRounds "7"]
[EventCountry "NED"]
[Source "P.Boonen"]
[SourceDate "2010.01.01"]

1. Nf3 e6 2. g3 Be7 3. Bg2 Nf6 4. b3 d6 5. Bb2 Bd7 6. O-O Nc6 7. d3 O-O 8. Nbd2
e5 9. c4 b6 10. d4 Rb8 11. dxe5 dxe5 12. Nxe5 Nxe5 13. Bxe5 Ng4 14. Bc3 Bf6 15.
Ne4 Bxc3 16. Nxc3 Nf6 17. Qc2 Qe7 18. Rad1 Rfd8 19. Rd2 Be8 20. Rfd1 Rxd2 21.
Qxd2 Qd7 22. Qxd7 Bxd7 23. e4 Be8 24. Nd5 Nxd5 25. cxd5 Bd7 26. Rc1 Rc8 27. e5
Kf8 28. f4 g6 29. Kf2 Kg7 30. Ke3 Kf8 31. Kd4 Kg7 32. b4 Kf8 33. Bf1 b5 34. Rc5
a6 35. h3 Kg7 36. g4 Kf8 37. Bd3 Kg7 38. f5 gxf5 39. gxf5 h6 40. e6 fxe6 41.
fxe6 Be8 42. d6 1-0

[Event "ENCI Limburg-open B"]
[Site "Maastricht"]
[Date "2008.05.11"]
[Round "4"]
[White "Otten, Martijn"]
[Black "Glasbeek, Steven"]
[Result "1-0"]
[WhiteElo "1796"]
[BlackElo "1660"]
[PlyCount "89"]
[EventDate "2008.05.09"]
[EventType "swiss"]
[EventRounds "7"]
[EventCountry "NED"]
[Source "P.Boonen"]
[SourceDate "2010.01.01"]

1. d4 Nf6 2. c4 e6 3. Nc3 Bb4 4. Qc2 Nc6 5. Nf3 O-O 6. Bg5 h6 7. Bh4 d6 8. e4
e5 9. dxe5 dxe5 10. Rd1 Qe7 11. Be2 g5 12. Nxg5 hxg5 13. Bxg5 Qe6 14. O-O Bxc3
15. bxc3 Ng4 16. f3 Qg6 17. Qc1 Nf6 18. g4 Kg7 19. h4 Nh7 20. Be3 Rg8 21. Kf2
f6 22. Rh1 Kf7 23. Rdg1 Be6 24. Qb2 b6 25. c5 Na5 26. cxb6 axb6 27. Qb4 Qg7 28.
g5 Qf8 29. Qb5 Nb7 30. Bc4 Qe7 31. Qc6 Nc5 32. Bxc5 Qxc5+ 33. Qxc5 bxc5 34. g6+
Ke7 35. Bxe6 Kxe6 36. gxh7 Rxa2+ 37. Ke3 Rd8 38. Rg8 Rad2 39. Rxd8 Rxd8 40. Rg1
Kf7 41. Rg8 Rxg8 42. hxg8=Q+ Kxg8 43. Kf2 Kg7 44. Kg3 c4 45. Kg4 1-0

[Event "ENCI Limburg-open B"]
[Site "Maastricht"]
[Date "2008.05.11"]
[Round "4"]
[White "Otto, Moritz"]
[Black "Kuster, Edward"]
[Result "0-1"]
[WhiteElo "1210"]
[BlackElo "1365"]
[PlyCount "52"]
[EventDate "2008.05.09"]
[EventType "swiss"]
[EventRounds "7"]
[EventCountry "NED"]
[Source "P.Boonen"]
[SourceDate "2010.01.01"]

1. e4 c5 2. Nc3 d6 3. f4 Nc6 4. Nf3 g6 5. Be2 Bg7 6. O-O Nf6 7. d4 cxd4 8. Nxd4
Nxd4 9. Qxd4 O-O 10. Qf2 b6 11. Be3 Bb7 12. e5 dxe5 13. fxe5 Ne4 14. Qh4 Nxc3
15. bxc3 Qd5 16. Bf3 Qxe5 17. Bd4 Qc7 18. Bxb7 Bxd4+ 19. cxd4 Qxb7 20. Rae1 f6
21. Kh1 Rac8 22. Rf2 Rc4 23. Rfe2 Re8 24. Qxf6 exf6 25. Rxe8+ Kf7 26. R8e7+
Qxe7 0-1

[Event "ENCI Limburg-open B"]
[Site "Maastricht"]
[Date "2008.05.11"]
[Round "4"]
[White "Peek, Harrie"]
[Black "Krug, Franz Dieter"]
[Result "1-0"]
[WhiteElo "1722"]
[BlackElo "1457"]
[PlyCount "51"]
[EventDate "2008.05.09"]
[EventType "swiss"]
[EventRounds "7"]
[EventCountry "NED"]
[Source "P.Boonen"]
[SourceDate "2010.01.01"]

1. d4 d5 2. c4 dxc4 3. Nf3 c6 4. g3 e6 5. Bg2 Nf6 6. O-O Be7 7. Ne5 O-O 8. Nxc4
Nbd7 9. Bd2 c5 10. Ba5 Nb6 11. e3 cxd4 12. exd4 Nfd5 13. Nc3 Bb4 14. Nxb6 Nxc3
15. bxc3 Bxa5 16. Nxa8 Bxc3 17. Rc1 Qa5 18. Qd3 Bb4 19. Rxc8 Rxc8 20. Bxb7 Rc3
21. Qe4 Qxa2 22. d5 Rc4 23. Qe5 Qa3 24. dxe6 Bd6 25. exf7+ Kxf7 26. Bd5+ 1-0

[Event "ENCI Limburg-open B"]
[Site "Maastricht"]
[Date "2008.05.11"]
[Round "4"]
[White "Pijlman, Rene"]
[Black "Moers, Lennard"]
[Result "1-0"]
[WhiteElo "1868"]
[BlackElo "1492"]
[PlyCount "101"]
[EventDate "2008.05.09"]
[EventType "swiss"]
[EventRounds "7"]
[EventCountry "NED"]
[Source "P.Boonen"]
[SourceDate "2010.01.01"]

1. e4 e5 2. Nf3 Nc6 3. d4 exd4 4. Bc4 Nf6 5. e5 d5 6. Bb5 Ne4 7. Nxd4 Bd7 8.
Bxc6 bxc6 9. O-O c5 10. Nb3 c6 11. f3 Ng5 12. f4 Ne4 13. f5 Qb6 14. Nc3 c4+ 15.
Nd4 Qxd4+ 16. Qxd4 Bc5 17. Qxc5 Nxc5 18. Be3 Na6 19. Na4 g6 20. fxg6 hxg6 21.
c3 Bf5 22. b4 Nc7 23. Nc5 Nb5 24. Rac1 a5 25. a4 Nxc3 26. Rxc3 axb4 27. Rcc1
Rb8 28. Bd4 Rh4 29. Bb2 c3 30. Bxc3 bxc3 31. Rxc3 Rbb4 32. a5 Rbc4 33. Rxc4
Rxc4 34. Nb7 Ra4 35. Nd6+ Ke7 36. Nxf5+ gxf5 37. Rxf5 Rxa5 38. Rf6 c5 39. Rc6
c4 40. h4 Kd7 41. Rd6+ Ke7 42. Kf2 Ra3 43. Rxd5 Ke6 44. Rc5 Ra4 45. h5 c3 46.
Kg3 Rb4 47. h6 Rb1 48. Kf4 Rh1 49. Rxc3 Ke7 50. Rh3 Rf1+ 51. Kg5 1-0

[Event "ENCI Limburg-open B"]
[Site "Maastricht"]
[Date "2008.05.11"]
[Round "4"]
[White "Reyskens, Jules"]
[Black "Kers Lageveen, Heleen"]
[Result "1-0"]
[WhiteElo "1721"]
[BlackElo "1156"]
[PlyCount "97"]
[EventDate "2008.05.09"]
[EventType "swiss"]
[EventRounds "7"]
[EventCountry "NED"]
[Source "P.Boonen"]
[SourceDate "2010.01.01"]

1. e4 e5 2. d4 Nc6 3. Nf3 Bd6 4. d5 Nce7 5. Bg5 Nf6 6. Bxf6 gxf6 7. Nh4 a6 8.
Qf3 b5 9. Qxf6 Rf8 10. Nf5 Nxf5 11. Qxd8+ Kxd8 12. exf5 f6 13. Bd3 Bb7 14. Be4
Rg8 15. h3 c6 16. dxc6 dxc6 17. Nc3 Kc7 18. g4 Bc5 19. Ke2 Rad8 20. Rad1 Rd4
21. Rxd4 exd4 22. Nd1 Re8 23. Kd3 a5 24. f3 b4 25. b3 Ba6+ 26. Kd2 Bd6 27. Nb2
Bf4+ 28. Kd1 Bb5 29. Nd3 Bg3 30. Nc5 Kb6 31. Ne6 a4 32. bxa4 Bxa4 33. Bd3 b3
34. axb3 Bxb3 35. cxb3 Ra8 36. Bb1 c5 37. g5 Ra1 38. Kc2 Ra8 39. gxf6 Ka5 40.
Rg1 Bh4 41. Rg2 Kb4 42. Rg7 d3+ 43. Kxd3 Kxb3 44. Rb7+ Ka3 45. Bc2 Rc8 46. Rc7
Rg8 47. Rg7 Rc8 48. Kc3 c4 49. Ra7# 1-0

[Event "ENCI Limburg-open B"]
[Site "Maastricht"]
[Date "2008.05.11"]
[Round "4"]
[White "Robinson, Roland"]
[Black "Dirksen, Pieter"]
[Result "1/2-1/2"]
[WhiteElo "1768"]
[BlackElo "1518"]
[PlyCount "122"]
[EventDate "2008.05.09"]
[EventType "swiss"]
[EventRounds "7"]
[EventCountry "NED"]
[Source "P.Boonen"]
[SourceDate "2010.01.01"]

1. c4 e5 2. g3 Nf6 3. Bg2 c6 4. Nf3 d6 5. Nc3 Be6 6. d3 Nbd7 7. a3 g6 8. b4 a6
9. Bb2 b5 10. cxb5 axb5 11. Ng5 Bd5 12. e4 Be6 13. Nxe6 fxe6 14. Qb3 Qe7 15. a4
bxa4 16. Rxa4 Nb6 17. Rxa8+ Nxa8 18. O-O Bh6 19. b5 cxb5 20. Qxb5+ Qd7 21. Qb8+
Qd8 22. Qxd8+ Kxd8 23. Ra1 Kc7 24. Bh3 Re8 25. Bxe6 Rxe6 26. Rxa8 Kb7 27. Ra1
Re8 28. h3 Bd2 29. Rd1 Bxc3 30. Bxc3 Rc8 31. Rb1+ Ka7 32. Ba1 Nd7 33. f4 exf4
34. Bd4+ Ka6 35. gxf4 Rf8 36. Be3 Rc8 37. Rc1 Rxc1+ 38. Bxc1 Kb5 39. Kf2 Nc5
40. Ke3 Kc6 41. Ba3 Nd7 42. h4 Nf6 43. Kf3 Kd7 44. Bb2 Ng8 45. Kg4 Ke6 46. h5
Nh6+ 47. Kh4 Nf7 48. hxg6 hxg6 49. Kg4 Kd7 50. d4 d5 51. e5 Ke6 52. Bc1 Nh6+
53. Kg5 Nf5 54. Kxg6 Nxd4 55. Kg5 Nf5 56. Bd2 Nd4 57. Bb4 Nf5 58. Bc5 Ng3 59.
Kh4 Nf5+ 60. Kg4 Ng7 61. Kf3 Nf5 1/2-1/2

[Event "ENCI Limburg-open B"]
[Site "Maastricht"]
[Date "2008.05.11"]
[Round "4"]
[White "Rodriguez, Abelardo"]
[Black "Koehorst, Andre"]
[Result "0-1"]
[WhiteElo "1214"]
[BlackElo "1553"]
[PlyCount "78"]
[EventDate "2008.05.09"]
[EventType "swiss"]
[EventRounds "7"]
[EventCountry "NED"]
[Source "P.Boonen"]
[SourceDate "2010.01.01"]

1. e4 e6 2. d4 d5 3. e5 c5 4. c3 Nc6 5. Nf3 Qb6 6. Bd3 Bd7 7. Bc2 Rc8 8. O-O
cxd4 9. cxd4 g6 10. b3 Bg7 11. Bb2 Nge7 12. Nc3 a6 13. Na4 Qa7 14. Nc5 b6 15.
Nxd7 Qxd7 16. Bd3 b5 17. h3 O-O 18. Nh2 f6 19. f4 fxe5 20. fxe5 Rxf1+ 21. Qxf1
Rf8 22. Qe2 Nf5 23. Bxf5 Rxf5 24. Rc1 Bh6 25. Rc5 Bf8 26. Rc2 Nb4 27. Rd2 Nxa2
28. Ng4 Kh8 29. Nf6 Qe7 30. Ba3 Qxa3 31. Rxa2 Qc1+ 32. Kh2 Qf4+ 33. g3 Qxd4 34.
Kg2 Rxe5 35. Qc2 Re1 36. Qc8 Qg1+ 37. Kf3 Rf1+ 38. Kg4 Qd4+ 39. Kg5 Rf5# 0-1

[Event "ENCI Limburg-open B"]
[Site "Maastricht"]
[Date "2008.05.11"]
[Round "4"]
[White "Roelofs, Iris"]
[Black "Thoma, Sophia"]
[Result "1-0"]
[WhiteElo "1330"]
[BlackElo "1722"]
[PlyCount "72"]
[EventDate "2008.05.09"]
[EventType "swiss"]
[EventRounds "7"]
[EventCountry "NED"]
[Source "P.Boonen"]
[SourceDate "2010.01.01"]

1. e4 e6 2. Nf3 d5 3. exd5 exd5 4. d4 Bd6 5. Nc3 c6 6. Be3 Bf5 7. Bd3 Ne7 8.
Bg5 f6 9. Bh4 O-O 10. O-O Bg6 11. Qd2 Nf5 12. Bxf5 Bxf5 13. Bg3 Bxg3 14. hxg3
Nd7 15. Rac1 Nb6 16. b3 Nc8 17. Qf4 Nd6 18. Nh4 g5 19. Qd2 gxh4 20. gxh4 Qd7
21. Qe3 Ne4 22. Ne2 Qg7 23. Nf4 Kh8 24. c4 Qf7 25. cxd5 cxd5 26. Rfe1 Rac8 27.
Kh2 Rxc1 28. Rxc1 Re8 29. Qf3 Rc8 30. Rxc8+ Bxc8 31. Qe3 f5 32. Nd3 Qc7+ 33. g3
Nf6 34. Kg2 Qd6 35. Ne5 Qe7 36. Ng6+ hxg6 1-0

[Event "ENCI Limburg-open B"]
[Site "Maastricht"]
[Date "2008.05.11"]
[Round "4"]
[White "Roelofs, Rik"]
[Black "Van Ginneken, Maikel"]
[Result "1-0"]
[WhiteElo "1636"]
[BlackElo "1277"]
[PlyCount "73"]
[EventDate "2008.05.09"]
[EventType "swiss"]
[EventRounds "7"]
[EventCountry "NED"]
[Source "P.Boonen"]
[SourceDate "2010.01.01"]

1. e4 e5 2. Nf3 Nc6 3. d4 exd4 4. Nxd4 Bc5 5. Be3 Nf6 6. Nxc6 bxc6 7. Bxc5 d6
8. Be3 Nxe4 9. Bd3 Bf5 10. O-O d5 11. f3 Nd6 12. Bc5 Bxd3 13. Qxd3 O-O 14. Nd2
Re8 15. Bxd6 cxd6 16. Kh1 Qf6 17. b3 Re6 18. Rfe1 Rae8 19. Rg1 Re3 20. Qf1 Qd4
21. Qd1 Re2 22. Nf1 Qc3 23. Ng3 Rd2 24. Qb1 Kf8 25. Re1 Rxe1+ 26. Qxe1 Qxc2 27.
Qg1 c5 28. Nf1 Re2 29. Ng3 Rd2 30. h3 d4 31. Ne4 Re2 32. Qh2 Qb2 33. Qxd6+ Ke8
34. Qe5+ Kd8 35. Qd5+ Ke8 36. Nd6+ Kd8 37. Nc4+ 1-0

[Event "ENCI Limburg-open B"]
[Site "Maastricht"]
[Date "2008.05.11"]
[Round "4"]
[White "Sanders, Catheleijne"]
[Black "Woudsma, Ron"]
[Result "1/2-1/2"]
[WhiteElo "1285"]
[BlackElo "1607"]
[PlyCount "84"]
[EventDate "2008.05.09"]
[EventType "swiss"]
[EventRounds "7"]
[EventCountry "NED"]
[Source "P.Boonen"]
[SourceDate "2010.01.01"]

1. e4 Nf6 2. Nc3 d5 3. exd5 Nxd5 4. Nxd5 Qxd5 5. d4 Nc6 6. Nf3 Bg4 7. Be3 e6 8.
h3 Bxf3 9. Qxf3 Qxf3 10. gxf3 O-O-O 11. O-O-O Be7 12. Bb5 Nb8 13. d5 a6 14. Bc4
exd5 15. Bxd5 Rhf8 16. Rhg1 Bf6 17. Bc5 Rfe8 18. Bxf7 Rxd1+ 19. Rxd1 Re2 20.
Be3 b5 21. f4 Bh4 22. Bh5 Bxf2 23. Bxe2 Bxe3+ 24. Kb1 Bxf4 25. Bg4+ Kb7 26. Rd8
h6 27. c4 Ka7 28. Rg8 Be5 29. Re8 Bd6 30. Kc2 Nc6 31. Kd3 Ne5+ 32. Ke4 Nxc4 33.
b3 Nd2+ 34. Kd4 Nf1 35. Rg8 Ng3 36. Rxg7 h5 37. Bd7 h4 38. Rh7 Ne2+ 39. Kd3
Nf4+ 40. Ke4 Ng2 41. Kf3 Ne1+ 42. Kg4 Bg3 1/2-1/2

[Event "ENCI Limburg-open B"]
[Site "Maastricht"]
[Date "2008.05.11"]
[Round "4"]
[White "Schmitz, Martin"]
[Black "Nissel, Andreas"]
[Result "1-0"]
[WhiteElo "1847"]
[BlackElo "1677"]
[PlyCount "45"]
[EventDate "2008.05.09"]
[EventType "swiss"]
[EventRounds "7"]
[EventCountry "NED"]
[Source "P.Boonen"]
[SourceDate "2010.01.01"]

1. e4 e6 2. d4 g6 3. Nf3 Bg7 4. Bf4 d6 5. Bd3 Nd7 6. Nbd2 Ne7 7. c3 a6 8. Nb3
b5 9. a4 Bb7 10. Na5 Qc8 11. axb5 axb5 12. Nxb7 Rxa1 13. Nxd6+ cxd6 14. Qxa1 e5
15. Be3 Qb7 16. Qa5 O-O 17. Qxb5 Rb8 18. Qxb7 Rxb7 19. b4 d5 20. O-O f5 21. Ba6
Rc7 22. exd5 f4 23. d6 1-0

[Event "ENCI Limburg-open B"]
[Site "Maastricht"]
[Date "2008.05.11"]
[Round "4"]
[White "Schoffelen, Jan"]
[Black "De Lange, Marieke"]
[Result "1/2-1/2"]
[WhiteElo "1439"]
[BlackElo "1130"]
[PlyCount "129"]
[EventDate "2008.05.09"]
[EventType "swiss"]
[EventRounds "7"]
[EventCountry "NED"]
[Source "P.Boonen"]
[SourceDate "2010.01.01"]

1. d4 d5 2. c4 Nf6 3. Nc3 Nc6 4. Nf3 Bg4 5. e3 e5 6. dxe5 Nxe5 7. Be2 Nxc4 8.
Bxc4 dxc4 9. Qxd8+ Rxd8 10. Nd4 Bb4 11. Bd2 c5 12. Nde2 O-O 13. f3 Bh5 14. a3
Bxc3 15. Bxc3 Rfe8 16. Bxf6 gxf6 17. e4 Bg6 18. Nc3 f5 19. O-O fxe4 20. fxe4
Bxe4 21. Rf4 Bd3 22. Na4 b6 23. Rc1 Rd4 24. Rf2 Rde4 25. h3 Re1+ 26. Rxe1 Rxe1+
27. Kh2 Re5 28. g4 b5 29. Nc3 b4 30. axb4 cxb4 31. Na2 a5 32. Kg3 b3 33. Nc3
Bg6 34. h4 h5 35. Rf4 f5 36. gxh5 Bxh5 37. Rxc4 Re3+ 38. Kf4 Rf3+ 39. Kg5 Bf7
40. Ra4 Rf2 41. Rxa5 Rxb2 42. Kxf5 Rf2+ 43. Kg5 Kg7 44. h5 Rg2+ 45. Kh4 Rc2 46.
h6+ Kxh6 47. Ra6+ Kg7 48. Nb1 Rh2+ 49. Kg3 Rc2 50. Rb6 Rc1 51. Na3 b2 52. Rxb2
Rc3+ 53. Kf4 Rxa3 54. Rb7 Ra4+ 55. Ke5 Ra5+ 56. Kd4 Kf6 57. Rb6+ Kf5 58. Rb4
Rd5+ 59. Ke3 Bg6 60. Rf4+ Ke5 61. Rf8 Rd3+ 62. Ke2 Kd4 63. Rd8+ Kc3 64. Rxd3+
Bxd3+ 65. Ke3 1/2-1/2

[Event "ENCI Limburg-open B"]
[Site "Maastricht"]
[Date "2008.05.11"]
[Round "4"]
[White "Smeets, Wouter"]
[Black "Hein, Andreas"]
[Result "1/2-1/2"]
[WhiteElo "1761"]
[BlackElo "1637"]
[PlyCount "54"]
[EventDate "2008.05.09"]
[EventType "swiss"]
[EventRounds "7"]
[EventCountry "NED"]
[Source "P.Boonen"]
[SourceDate "2010.01.01"]

1. c4 e5 2. g3 Nf6 3. Bg2 c6 4. d4 exd4 5. Qxd4 d5 6. Nf3 Be7 7. Nc3 dxc4 8.
O-O Qxd4 9. Nxd4 O-O 10. Bf4 Bc5 11. Rfd1 h6 12. Na4 Be7 13. Rac1 Nd5 14. Bxd5
cxd5 15. Nb5 Na6 16. Rxd5 Be6 17. Rdd1 Nb4 18. Nac3 a6 19. Nc7 Rad8 20. Nxe6
fxe6 21. Bc7 Rxd1+ 22. Rxd1 Rf7 23. Bb6 Bf6 24. Bd4 Rd7 25. Bxf6 Rxd1+ 26. Nxd1
gxf6 27. a3 Nc6 1/2-1/2

[Event "ENCI Limburg-open B"]
[Site "Maastricht"]
[Date "2008.05.11"]
[Round "4"]
[White "Springelkamp, Gerdien"]
[Black "Van Ginneken, Jeroen"]
[Result "0-1"]
[WhiteElo "1096"]
[BlackElo "1597"]
[PlyCount "108"]
[EventDate "2008.05.09"]
[EventType "swiss"]
[EventRounds "7"]
[EventCountry "NED"]
[Source "P.Boonen"]
[SourceDate "2010.01.01"]

1. e4 e5 2. Nf3 f5 3. d3 Nf6 4. Nc3 Bb4 5. Bd2 d6 6. Be2 Bxc3 7. Bxc3 fxe4 8.
dxe4 Nxe4 9. Bb4 Be6 10. O-O Nc6 11. Bb5 O-O 12. Bxc6 bxc6 13. Nxe5 c5 14. Nc6
Qd7 15. Ne5 dxe5 16. Qxd7 Bxd7 17. Ba3 Bf5 18. f3 Nd6 19. Bxc5 Rfd8 20. c3 Nb7
21. Rfe1 Nxc5 22. Rxe5 Nd3 23. Rxf5 Nxb2 24. Rb5 Rab8 25. Ra5 Rb7 26. a3 Rd1+
27. Rxd1 Nxd1 28. c4 Nb2 29. c5 Nc4 30. Ra6 Kf7 31. c6 Rb6 32. Rxa7 Rxc6 33. a4
Rc5 34. h4 Ke6 35. f4 Kd7 36. g4 Ra5 37. Rxa5 Nxa5 38. g5 Nc6 39. Kg2 Ne7 40.
Kg3 c5 41. Kf2 Kc6 42. Ke2 Nf5 43. Kd3 Nxh4 44. Kc4 Nf5 45. a5 Nd6+ 46. Kc3 Kb5
47. Kd3 Kxa5 48. Ke3 Kb4 49. Kd3 Kb3 50. Kd2 c4 51. Kc1 Kc3 52. Kb1 Kd2 53. Kb2
c3+ 54. Kb1 c2+ 0-1

[Event "ENCI Limburg-open B"]
[Site "Maastricht"]
[Date "2008.05.11"]
[Round "4"]
[White "Strolenberg, Lars"]
[Black "Tutenel, Eric"]
[Result "1-0"]
[WhiteElo "1539"]
[BlackElo "1587"]
[PlyCount "61"]
[EventDate "2008.05.09"]
[EventType "swiss"]
[EventRounds "7"]
[EventCountry "NED"]
[Source "P.Boonen"]
[SourceDate "2010.01.01"]

1. e4 e5 2. Nc3 Nf6 3. f4 d5 4. fxe5 Nxe4 5. d3 Nxc3 6. bxc3 d4 7. Nf3 Nc6 8.
Be2 Be6 9. O-O Bc5 10. Bf4 dxc3+ 11. Kh1 O-O 12. Qe1 Nd4 13. Nxd4 Bxd4 14. Qg3
f6 15. exf6 Bxf6 16. Bxc7 Qd7 17. Bd6 Be7 18. Be5 Rxf1+ 19. Rxf1 Bb4 20. Bf3
Bxa2 21. Bh5 Rf8 22. Rxf8+ Kxf8 23. Qf4+ Bf7 24. Qxb4+ Ke8 25. Bxf7+ Qxf7 26.
Kg1 Qh5 27. Qxc3 Kf8 28. Bd6+ Ke8 29. Qc8+ Kf7 30. Qd7+ Kf6 31. Qe7+ 1-0

[Event "ENCI Limburg-open B"]
[Site "Maastricht"]
[Date "2008.05.11"]
[Round "4"]
[White "Student, Martin"]
[Black "Rahangmetan, Derek Jan"]
[Result "1-0"]
[WhiteElo "1713"]
[BlackElo "1507"]
[PlyCount "101"]
[EventDate "2008.05.09"]
[EventType "swiss"]
[EventRounds "7"]
[EventCountry "NED"]
[Source "P.Boonen"]
[SourceDate "2010.01.01"]

1. e4 e5 2. Nf3 Nc6 3. d4 exd4 4. Nxd4 Nf6 5. Nc3 Bb4 6. Nxc6 bxc6 7. Bd2 Bxc3
8. Bxc3 O-O 9. Bc4 Nxe4 10. Bd4 d5 11. Be2 Qg5 12. O-O Bh3 13. Bf3 Nd2 14. Be3
Nxf3+ 15. Qxf3 Bxg2 16. Qxg2 Qxg2+ 17. Kxg2 Rfd8 18. Rfd1 a6 19. Rac1 Rab8 20.
b3 g6 21. c4 dxc4 22. Rxd8+ Rxd8 23. Rxc4 Rd6 24. Ra4 c5 25. Bxc5 Rc6 26. Be3
Kg7 27. Ra5 f5 28. Rc5 Rxc5 29. Bxc5 Kf6 30. f4 h6 31. h4 Ke6 32. Kf3 Kd5 33.
Bf8 h5 34. Ke3 Kc6 35. Kd4 Kb5 36. Ke5 c5 37. Kf6 Kb4 38. Kxg6 Ka3 39. Bxc5+
Kxa2 40. Kxf5 Kxb3 41. Ke5 Kc4 42. Bd4 Kb5 43. f5 Kc6 44. Ke6 a5 45. f6 a4 46.
f7 a3 47. f8=Q a2 48. Qd6+ Kb7 49. Qb4+ Kc8 50. Be5 a1=Q 51. Qb8# 1-0

[Event "ENCI Limburg-open B"]
[Site "Maastricht"]
[Date "2008.05.11"]
[Round "4"]
[White "Tuerlinckx, Ben"]
[Black "Bamberger, Alberto"]
[Result "1-0"]
[WhiteElo "1281"]
[BlackElo "1620"]
[PlyCount "161"]
[EventDate "2008.05.09"]
[EventType "swiss"]
[EventRounds "7"]
[EventCountry "NED"]
[Source "P.Boonen"]
[SourceDate "2010.01.01"]

1. d4 Nf6 2. Bg5 e6 3. Nf3 Be7 4. e3 O-O 5. Bd3 b6 6. O-O Bb7 7. Nbd2 Nd5 8.
Bxe7 Qxe7 9. c3 Nc6 10. Qc2 f5 11. Rfe1 Nd8 12. Rac1 Nf7 13. a3 Ng5 14. Be2 Qf6
15. Nxg5 Qxg5 16. Bf3 Rab8 17. c4 Nf6 18. Bxb7 Rxb7 19. Nf3 Qh5 20. Ne5 d6 21.
Nd3 Qh6 22. Qb3 c5 23. Qc2 Ng4 24. h3 Nf6 25. Qe2 Ne4 26. f3 Ng5 27. Nf4 e5 28.
dxe5 dxe5 29. Nd5 Qg6 30. Kf1 Kh8 31. Rcd1 e4 32. f4 Nf7 33. Rd2 Qg3 34. Red1
g5 35. Qf2 gxf4 36. Qxf4 Qg5 37. Qxg5 Nxg5 38. Nf4 Nf7 39. Rd5 Nh6 40. Ke2 Ng8
41. Rd7 Rf7 42. Rd8 h6 43. R1d6 Kh7 44. Rd5 Ne7 45. R5d6 a5 46. Kf2 b5 47. R8d7
Rxd7 48. Rxd7 Kg8 49. cxb5 Nc8 50. Rd8+ Rf8 51. Rxf8+ Kxf8 52. Ne6+ Ke7 53.
Nxc5 Nb6 54. b3 Nd5 55. a4 Nb4 56. Kg3 h5 57. Nb7 Nd5 58. Kf2 Kd7 59. Nxa5 Kd6
60. Nc4+ Kc5 61. b6 Kc6 62. b7 Kxb7 63. Nd6+ Kc6 64. Nxf5 Kc5 65. g4 hxg4 66.
hxg4 Kb4 67. Nd4 Nf6 68. g5 Ng4+ 69. Ke2 Ne5 70. Kf2 Ng4+ 71. Kg3 Nxe3 72. Kf4
Nd5+ 73. Kxe4 Nc3+ 74. Ke5 Nd1 75. g6 Nf2 76. g7 Ng4+ 77. Kf5 Nh6+ 78. Kg6 Ng8
79. Nf5 Kxb3 80. a5 Kb4 81. a6 1-0

[Event "ENCI Limburg-open B"]
[Site "Maastricht"]
[Date "2008.05.11"]
[Round "4"]
[White "Ucaroglu, Melih Furkan"]
[Black "Maessen, Roy"]
[Result "1-0"]
[WhiteElo "1064"]
[BlackElo "1311"]
[PlyCount "65"]
[EventDate "2008.05.09"]
[EventType "swiss"]
[EventRounds "7"]
[EventCountry "NED"]
[Source "P.Boonen"]
[SourceDate "2010.01.01"]

1. e4 d5 2. exd5 Nf6 3. Nf3 Nxd5 4. Nc3 Nxc3 5. bxc3 g6 6. Bb2 Bg7 7. d4 O-O 8.
g3 Bg4 9. Bg2 Nc6 10. h3 Bf5 11. O-O Qd7 12. h4 Bg4 13. Qd2 Rad8 14. Qe3 Na5
15. Qe1 Qf5 16. Qe2 Nc6 17. Qd3 Qf6 18. Rfe1 Rfe8 19. Qe3 e5 20. dxe5 Nxe5 21.
Nxe5 Rxe5 22. Qxe5 Qxe5 23. Rxe5 Bxe5 24. Bxb7 Rb8 25. Re1 f6 26. Bd5+ Kg7 27.
Ba3 Rd8 28. Bb3 Rc8 29. Re3 c5 30. Bc4 Bf5 31. Bd3 Be6 32. f4 Bxf4 33. gxf4 1-0

[Event "ENCI Limburg-open B"]
[Site "Maastricht"]
[Date "2008.05.11"]
[Round "4"]
[White "Uiterwijk, Jos"]
[Black "Schwanke, Enno"]
[Result "1/2-1/2"]
[WhiteElo "1691"]
[BlackElo "1399"]
[PlyCount "56"]
[EventDate "2008.05.09"]
[EventType "swiss"]
[EventRounds "7"]
[EventCountry "NED"]
[Source "P.Boonen"]
[SourceDate "2010.01.01"]

1. e4 d6 2. d4 Nf6 3. Nc3 g6 4. Nf3 Bg7 5. Be2 Nbd7 6. O-O e5 7. dxe5 dxe5 8.
Bg5 O-O 9. Qd2 Nc5 10. Qxd8 Rxd8 11. b4 Ncxe4 12. Nxe4 Nxe4 13. Bxd8 Nc3 14.
Bc4 b5 15. Bxc7 e4 16. Bxf7+ Kxf7 17. Ng5+ Kf6 18. Nxh7+ Kf5 19. Rae1 Be6 20.
g4+ Kxg4 21. f3+ Kh5 22. fxe4 Bd4+ 23. Kg2 Nxe4 24. Nf6+ Bxf6 25. Rxe4 Bd5 26.
Rxf6 Bxe4+ 27. Kg3 Bxc2 28. Rc6 Bf5 1/2-1/2

[Event "ENCI Limburg-open B"]
[Site "Maastricht"]
[Date "2008.05.11"]
[Round "4"]
[White "Van Endert, Lynn"]
[Black "Uckerman, John"]
[Result "0-1"]
[WhiteElo "1471"]
[BlackElo "1683"]
[PlyCount "92"]
[EventDate "2008.05.09"]
[EventType "swiss"]
[EventRounds "7"]
[EventCountry "NED"]
[Source "P.Boonen"]
[SourceDate "2010.01.01"]

1. d4 Nf6 2. c4 e6 3. Nc3 Bb4 4. e3 Bxc3+ 5. bxc3 b6 6. Qf3 d5 7. cxd5 exd5 8.
Qd1 O-O 9. Nf3 Re8 10. Bd3 Ba6 11. O-O Bxd3 12. Qxd3 Nbd7 13. Re1 Ne4 14. Nd2
f5 15. f3 Qh4 16. Re2 Qh5 17. fxe4 fxe4 18. Nxe4 Rxe4 19. Bd2 Nf6 20. Rf1 Rae8
21. Rf3 Rh4 22. Qf5 Rxh2 23. Qxh5 Rxh5 24. Rf4 Ne4 25. g4 Rg5 26. Kg2 h5 27.
Kh3 hxg4+ 28. Rxg4 Rxg4 29. Kxg4 Nxd2 30. Rxd2 Rxe3 31. Kf5 Rxc3 32. Kg6 Rc6+
33. Kf5 Rf6+ 34. Ke5 c6 35. a4 Kf7 36. Rg2 Re6+ 37. Kf5 g6+ 38. Kg5 c5 39. dxc5
bxc5 40. Rb2 d4 41. Rb7+ Re7 42. Rb5 Re5+ 43. Kf4 Rf5+ 44. Ke4 Ke6 45. Rb7 Rf7
46. Rb5 Kd6 0-1

[Event "ENCI Limburg-open B"]
[Site "Maastricht"]
[Date "2008.05.11"]
[Round "4"]
[White "Van Herck, Raf"]
[Black "Tromp, Sander"]
[Result "0-1"]
[WhiteElo "1415"]
[BlackElo "1791"]
[PlyCount "88"]
[EventDate "2008.05.09"]
[EventType "swiss"]
[EventRounds "7"]
[EventCountry "NED"]
[Source "P.Boonen"]
[SourceDate "2010.01.01"]

1. e4 e5 2. Nf3 Nc6 3. d4 exd4 4. Nxd4 Bc5 5. Be3 Qf6 6. c3 Nge7 7. Bc4 O-O 8.
O-O d6 9. Nxc6 Nxc6 10. Bxc5 dxc5 11. Nd2 Rd8 12. Qe2 Ne5 13. Rad1 Bg4 14. f3
Bd7 15. h3 Ng6 16. Qe3 Nf4 17. e5 Qg5 18. Kf2 Qxg2+ 19. Ke1 Qh2 20. Qf2 Ng2+
21. Ke2 Qxe5+ 22. Ne4 Nf4+ 23. Ke1 b5 24. Qxc5 Qxc5 25. Nxc5 Bxh3 26. Bxb5 Bxf1
27. Bxf1 Rxd1+ 28. Kxd1 Rd8+ 29. Kc2 h5 30. Ne4 h4 31. Nf2 Rd6 32. a3 Rg6 33.
Ng4 Rxg4 34. fxg4 h3 35. Bxh3 Nxh3 36. Kb3 Nf2 37. Ka4 Nxg4 38. Ka5 f5 39. Ka6
f4 40. Kxa7 f3 41. a4 f2 42. a5 f1=Q 43. a6 Qb5 44. b3 Ne5 0-1

[Event "ENCI Limburg-open B"]
[Site "Maastricht"]
[Date "2008.05.11"]
[Round "4"]
[White "Van Herck, Rob"]
[Black "Pietz, Helmut"]
[Result "0-1"]
[WhiteElo "1516"]
[BlackElo "1715"]
[PlyCount "38"]
[EventDate "2008.05.09"]
[EventType "swiss"]
[EventRounds "7"]
[EventCountry "NED"]
[Source "P.Boonen"]
[SourceDate "2010.01.01"]

1. e4 e5 2. Nf3 Nf6 3. Bc4 Nxe4 4. Qe2 d5 5. Bd3 Bd6 6. Bxe4 dxe4 7. Qxe4 Nc6
8. O-O O-O 9. d3 f5 10. Qc4+ Kh8 11. Ng5 Qe8 12. Nc3 Nd4 13. Nd5 h6 14. Nf3
Nxf3+ 15. gxf3 Qh5 16. Nxc7 e4 17. f4 Qg4+ 18. Kh1 Qf3+ 19. Kg1 Rf6 0-1